000
00285nam a22001337a 4500
008
180928b xxu||||| |||| 00| 0 eng d
020
_a
9780137167142
041
_a
eng
080
_a
713
100
_a
45
101
_a
ART
245
_a
Clasical Myth
_c
Powell,b
942
_2
udc
_c
BK
999
_c
48692
_d
48692